000
00263nam a2200109Ia 4500
008
200302s9999 xx 000 0 und d
100
_a
Jasmin Y U
245
_a
Museum desplay design
260
_b
Design Media Publishing (UK) Ltd.,
260
_c
2010
300
_a
269
999
_c
7403
_d
7403